| 000 | 00948nam a22002897a 4500 | ||
|---|---|---|---|
| 003 | CHAP | ||
| 005 | 20220329140111.0 | ||
| 008 | 971013s1984 r 10010 d | ||
| 010 | _a46974 | ||
| 011 | _a47946 | ||
| 035 | _a52090 | ||
| 040 | _cCHAP | ||
| 082 |
_a574.5 _bR48m |
||
| 111 | 0 | 0 |
_aReunión Regional de Ecología. Zona Mar de Cortés ( _n1 _d: 1984 _c: La Paz, B. C. S.) _996611 |
| 245 | _a(Memorias) | ||
| 260 |
_aMéxico, D. F. : _bSubsecretaría de Ecología, _c1984 |
||
| 300 | _a274 p. | ||
| 590 |
_aBATCH-UPD _b10 _c20130110 _lUCH01 _h1417 |
||
| 590 |
_aBATCH-UPD _b10 _c20130410 _lUCH01 _h0901 |
||
| 590 |
_aBATCH-UPD _b10 _c20130914 _lUCH01 _h1228 |
||
| 590 |
_aCONVERSION _b10 _c20130109 _lUCH01 _h1326 |
||
| 650 | 1 | 4 |
_aEcología _xCongresos. _935138 |
| 901 | _aBK | ||
| 942 | _cLIBRO | ||
| 949 |
_a574.5 R48m _bBC _cCONG _d-116233 _eCONG _h62113 _i52090 _si |
||
| 949 |
_a574.5 R48m _bBC _cLIBRO _d33724000470449 _eLIBRO _fc.2 _h79065 _i52090 _si |
||
| 999 |
_c46974 _d46974 |
||